Statistiques concernant Culture Générale - Série 1203

Cliquez ici pour prendre le quiz!

Statistiques générales

  • Ce quiz a été pris 59 fois
  • Le résultat moyen est 6 sur 10

Statistiques - réponses

QuestionRéponse% Correct
Selon le proverbe, faute avouée est à moitié...pardonnée
100%
Comme l'indique l'étymologie, qu'avez-vous perdu si vous êtes "aphone" ?voix
95%
Dans quel pays le Rhône prend-il sa source ?Suisse
95%
A quelle ville écossaise appartiennent les 2 clubs de football rivaux : le "Celtic" et les "Rangers" ?Glasgow
66%
Jusqu'en 1255, de quel pays européen Coimbra était-elle la capitale ?Portugal
64%
Dans une expression utilisée pour qualifier un endroit très désordonné, on dit qu'une poule n'y retrouverait pas ...ses poussins
59%
De quelle dame florentine "La Joconde" est-elle le portrait ?Mona Lisa
50%
Sur quelle rivière se trouve le barrage de Serre-Ponçon, dans les Hautes-Alpes ?Durance
34%
Dans la chanson de Gainsbourg “Le Poinçonneur des Lilas”, à quelle station de métro doit-on changer pour se rendre à Invalides ?Opéra
29%
Quel petit oiseau margotte ?caille
7%

Distribution des résultats

Percentile par nombre de réponses

% des personnes avec chaque résultat

Votre développement - résultats

Vous n’avez pas pris ce quiz